The bridges of Madison County / (Record no. 974)

MARC details
000 -LEADER
fixed length control field 00590cam a2200205 4500
001 - CONTROL NUMBER
control field 1341
003 - CONTROL NUMBER IDENTIFIER
control field OCoLC
005 - DATE AND TIME OF LATEST TRANSACTION
control field 20181127163128.0
008 - FIXED-LENGTH DATA ELEMENTS--GENERAL INFORMATION
fixed length control field 910501s1992 nyua 000 1 eng
010 ## - LIBRARY OF CONGRESS CONTROL NUMBER
LC control number 91050416 //r922
020 ## - INTERNATIONAL STANDARD BOOK NUMBER
International Standard Book Number 044651652X
043 ## - GEOGRAPHIC AREA CODE
Geographic area code n-us-ia
100 1# - MAIN ENTRY--PERSONAL NAME
Personal name Waller, Robert James,
Dates associated with a name 1939-
245 14 - TITLE STATEMENT
Title The bridges of Madison County /
Statement of responsibility, etc. Robert J. Waller.
260 ## - PUBLICATION, DISTRIBUTION, ETC.
Place of publication, distribution, etc. New York, NY :
Name of publisher, distributor, etc. Warner Books,
Date of publication, distribution, etc. c1992.
300 ## - PHYSICAL DESCRIPTION
Extent xii, 171 p. :
Other physical details ill. ;
Dimensions 20 cm.
650 #0 - SUBJECT ADDED ENTRY--TOPICAL TERM
Topical term or geographic name entry element Bridges
Geographic subdivision Iowa
General subdivision Fiction.
Topical term or geographic name entry element Photographers
General subdivision Fiction.
651 #0 - SUBJECT ADDED ENTRY--GEOGRAPHIC NAME
Geographic name Madison County (Iowa)
General subdivision Fiction.
Holdings
Withdrawn status Lost status Source of classification or shelving scheme Damaged status Not for loan Collection code Home library Current library Shelving location Date acquired Serial Enumeration / chronology Inventory number Total Checkouts Full call number Barcode Date last seen Price effective from Koha item type
    Dewey Decimal Classification     Fiction RTC Library RTC Library Fiction 07/04/2022 789   FIC 813.54 WAL 30001015 03/01/2022 27/11/2018 Fiction
Royal Thimphu College || All Right Reserved